| 000 | 00421nam a2200133Ia 4500 | ||
|---|---|---|---|
| 005 | 20260328101508.0 | ||
| 008 | 260328s9999||||xx |||||||||||||| ||und|| | ||
| 100 | _aCantera Burgos, Francisco | ||
| 245 | 0 |
_aSinagogas Españolas : _b Con especial Estudio de la de Córdoba y la toledana de El Tránsito / _cFrancisco Cantera Burgos |
|
| 260 | _bInstituo Arias Montano | ||
| 300 | _a375 p. | ||
| 650 | _aHISTORIA | ||
| 942 | _cBK | ||
| 999 |
_c9101 _d9101 |
||